| 000 | nam a22 a 4500 | ||
|---|---|---|---|
| 999 |
_c381949 _d381949 |
||
| 003 | BLK | ||
| 005 | 20201007040927.0 | ||
| 008 | 200813b bul|||||r ||||||| ||bul|| | ||
| 040 | _aBLK | ||
| 041 |
_aBUL _cBUL |
||
| 080 |
_aСтроителство със стоманени и др. метални конструкции. Вж и 624.014; 69.057; 691.7 _b693.8 _x(035) _z693.8(035) |
||
| 100 |
_aЧолаков, Димитър Маринов _eпърви автор _91299 |
||
| 139 | _aЧолаков, Димитър Маринов | ||
| 245 | 1 | 0 |
_aНаръчник за инвентарни метални скелета _cДимитър М. Чолаков ; Науч. ред. Димитър Ас. Димитров. |
| 257 | _aBGR | ||
| 260 |
_aСофия _bТехника _c1970 _fСт. Загора : ОП Печат |
||
| 300 |
_a172 с. _bс черт. _c18 см |
||
| 380 | _a62 | ||
| 490 |
_aМинистерство на строежите _9205788 |
||
| 650 | 0 |
_9427052 _aСтроителни конструкции, метални |
|
| 700 | 1 |
_aДимитров, Димитър Ас. _eНауч. ред. _9427057 |
|
| 852 |
_aЦб І 11523 _bЦб |
||
| 942 |
_cKNG _n0 _s1 |
||
| 944 |
_aCR _c2020-08-13 _kГГГ |
||